Представление документа в формате MARC21

ПолеНазваниеЗначение
  Тип записи a
  Библиографический уровень m
001 Контрольный номер RU\infra-m\znanium\bibl\2236422
005 Дата корректировки 20260429142123.7
008 Кодируемые данные 260120s2025 RU g rus u
020 Индекс ISBN __
a ISBN 978-5-2060017-3-0
040 Источник каталогиз. __
a Служба первич. каталог. Общество с ограниченной ответственностью «ЗНАНИУМ»
041 Код языка издания __
a Код языка текста rus
044 Код страны публикации __
a Код страны публикации RU
080 Индекс УДК __
a Индекс УДК 32
084 Индекс другой классификации/Индекс ББК __
2 Источник индекса rubbk
a Индекс другой классификации/Индекс ББК 66
084 Индекс другой классификации/Индекс ББК __
2 Источник индекса okso
a Индекс другой классификации/Индекс ББК 00.03.07
084 Индекс другой классификации/Индекс ББК __
2 Источник индекса okso
a Индекс другой классификации/Индекс ББК 00.05.07
100 Автор __
a Автор Кочарян Р.С.
q Полное имя Кочарян Роберт Седракович
245 Заглавие __
a Заглавие Life and Freedom
b Продолж. заглавия Научно-популярная литература
250 Сведения об издании __
a Основные сведения об издании 1
260 Выходные данные __
a Место издания Москва
b Издательство Альпина ПРО
c Дата издания 2026
300 Физическое описание __
a Объем 478 с.
520 Аннотация __
a Аннотация The book by the former president of Armenia and the unrecognized Nagorno-Karabakh Republic Robert Kocharyan sheds light on one of the most complex and controversial pages in the history of the Armenian people. As an organizer and participant of key events in Armenia and Karabakh Kocharyan presents his account of this period. The book contains previously unpublished information and once-classified documents along with historical photos from his personal archives. - the collapse of the Soviet Union and its aftermath for the former national republics - the most important matters in the newest history of Nagorno-Karabach and Armenia - how small unrecognized country won the outnumbered opponent - many attempts to solve the Karabach conflict - how the personality of a leader influences the politics of the country - how the years spent at the top of the powers reflect in the soul of a human.
521 Примеч. о цел. назн. __
a Примеч. о целев. назн. Дополнительное образование
650 Тематические рубрики __
a Основная рубрика Политика. Социология
x Основная подрубрика Политические партии и организации
655 Указ. предметных рубрик (устаревшее) __
a Жанр/ форма (устаревшее) Научно-популярная литература
856 Электронный адрес документа 4_
a Имя сервера/домена znanium.ru
m Помощь ebs_support@infra-m.ru
n Местонахождение сервера НИЦ ИНФРА-М
u URL https://znanium.ru/catalog/document?id=474312
856 Электронный адрес документа 48
a Имя сервера/домена znanium.ru
d Путь /cover/2236
f Электронное имя 2236422.jpg
q Тип электронного формата image/jpeg
u URL https://znanium.ru/cover/2236/2236422.jpg
911 __
u 0030=https://znanium.ru/catalog/document?id=474312